Elaboración de las herramientas básicas para la creación del compilador del lenguaje "FACIL"
Збережено в:
| Автор: | |
|---|---|
| Формат: | Книга |
| Опубліковано: |
San José, Costa Rica
1990
|
| Предмети: | |
| Теги: |
Додати тег
Немає тегів, Будьте першим, хто поставить тег для цього запису!
|
MARC
| LEADER | 00000nam a2200000Ia 4500 | ||
|---|---|---|---|
| 003 | 004915 | ||
| 005 | 20221231144334.0 | ||
| 008 | 140114s1990 cr a m 000 0|s d | ||
| 040 | |c cru CEDI | ||
| 090 | |a TFG 2314 | ||
| 100 | |a Jiménez Sancho, Paola |9 13101 | ||
| 245 | |a Elaboración de las herramientas básicas para la creación del compilador del lenguaje "FACIL" | ||
| 260 | |c 1990 |a San José, Costa Rica | ||
| 300 | |a x, 72 hojas : ilustraciones ; 28 cm | ||
| 500 | |a Proyecto de graduación (bachillerato en ingeniería eléctrica)--Universidad de Costa Rica. Facultad de Ingeniería. Escuela de Ingeniería Eléctrica | ||
| 650 | |x COMPILACION (COMPUTADORAS ELECTRONICAS) |x LENGUAJES DE PROGRAMACION (COMPUTADORAS ELECTRONICAS) |x FACIL |9 13102 | ||
| 942 | |c TFG | ||
| 999 | |c 20399 |d 20399 | ||
